Score 0/24 Timer 04:00
4 Plays Today
% Correct
Beyoncé
97.6%
Mila Kunis
91%
Blake Lively
84.3%
Jessica Biel
84%
Miley Cyrus
83.9%
Catherine Zeta-Jones
83.7%
Nicole Kidman
83.1%
Chrissy Teigen
80.9%
Gisele Bündchen
79.3%
Anna Faris
79.1%
Sarah Jessica Parker
77.6%
Gwen Stefani
76.9%
% Correct
Faith Hill
75.7%
Rita Wilson
74.7%
Emily Blunt
72.9%
Katy Perry
72%
Eva Mendes
70.7%
Penélope Cruz
67.1%
Annette Bening
66.4%
Kyra Sedgwick
63.3%
Felicity Huffman
62.9%
Rachel Weisz
61.3%
Leighton Meester
49.6%
Maggie Gyllenhaal
49.2%
Remove Ads.
Support Sporcle.
Get the best of Sporcle when you Go Orange. This ad-free experience offers more features, more stats, and more fun while also helping to support Sporcle. Thank you for becoming a member.

You're not logged in!

Compare scores with friends on all Sporcle quizzes.
OR
Log In

Show Comments

Extras

Top Quizzes Today


Score Distribution

Your Account Isn't Verified!

In order to create a playlist on Sporcle, you need to verify the email address you used during registration. Go to your Sporcle Settings to finish the process.

Report this User

Report this user for behavior that violates our Community Guidelines.

Details: